| 000 | 01131nam a2200265 i 4500 | ||
|---|---|---|---|
| 003 | EG-ScBUE | ||
| 005 | 20231023115740.0 | ||
| 008 | 100624n19 xx o f b 000 0 ara d | ||
| 040 |
_aEG-ScBUE _bara _erda _cEG-ScBUE _dEG-ScBUE |
||
| 082 | 0 | 4 |
_222 _a923.300922 _bت و ف |
| 100 | 1 |
_915204 _aتوفيق، محمد محمد، _eمؤلف. |
|
| 245 | 1 | 0 |
_aونستون تشرشل / _cبقلم محمد محمد توفيق. |
| 260 |
_a[د.م] : _b[د.ن] ، _c[د.ت] |
||
| 264 | 1 |
_a[مكان النشر غير محدد] : _b[اسم الناشر غير محدد]، _c[تاريخ النشر غير محدد]. |
|
| 300 |
_a502 صفحة : _bصور ؛ _c24 سم |
||
| 336 |
_2rdacontent _aنص _btxt |
||
| 337 |
_2rdamedia _aبدون وسيط _bn |
||
| 338 |
_2rdacarrier _aمجلد _bnc |
||
| 504 | _aيشتمل على إرجاعات ببليوجرافية. | ||
| 541 |
_aعلاء عبد الغني ؛ _cإهداء ؛ |
||
| 600 | 1 | 7 |
_915206 _aتشرشل، ونستون، _d1874-1965 _xمذكرات. _2BUEsh |
| 650 | 7 |
_2BUEsh _aالحرب العالمية الثانية، 1939-1945 م. |
|
| 655 | _vReading book | ||
| 942 |
_2ddc _cBB |
||
| 999 |
_c14216 _d14216 |
||